000 00445nam a2200181Ia 4500
001 8965
005 20260306160648.0
008 260306t2002||||xx |||||||||||||| ||spa||
041 _aESP
082 _a372.19
_bL87
100 _aLópez Iglesias, Yolanda
_eAUT
245 0 _aFormación humana en primaria:
_bciclo inicial
260 _c2002
300 _a156 páginas :
_c24 cm.
650 _aGEN
654 _aCED
942 _cLIB
_dJUS
_fJUS
_2ddc
_n
999 _c8965
_d8965